00521nam a22001697a 45000050016000000100014000160200026000300350013000560370013000690820010000821000024000922450054001162600055001702700069002253000021002945000036003152010072408548.0 aENG-96557 a9788189937447c795.00 aEN-80090 bDBAD/PUB a320.9 aDhariwal, Umesh, K. aWestern political thought /cby Umesh K. Dhariwal aNew DelhibArise Publishers and Distributorsc2008 a4648/1, 21, Ansari Road, Darya Ganj, New Delhi-110002bNew Delhi a304p.c22cm (Hb) aIncludes bibliography and index